Análisis de estabilidad en el 22 km de la RN 209 San Ignacio de Acosta-San José, sector conocido como "La Vuelta Hundida"
Bewaard in:
| Hoofdauteur: | |
|---|---|
| Formaat: | Boek |
| Taal: | Spanish |
| Gepubliceerd in: |
[San José ], Costa Rica
2018
|
| Onderwerpen: | |
| Tags: |
Voeg label toe
Geen labels, Wees de eerste die dit record labelt!
|
MARC
| LEADER | 00000nam a22000007a 4500 | ||
|---|---|---|---|
| 003 | 012918 | ||
| 005 | 20221231144348.0 | ||
| 008 | 180911b2018 cr a||| |m|| 00| ||spa d | ||
| 040 | |c cru CEDI | ||
| 090 | |a TFG 8070 | ||
| 100 | |9 13825 |a Fallas Araya, Jossete Elena | ||
| 245 | |a Análisis de estabilidad en el 22 km de la RN 209 San Ignacio de Acosta-San José, sector conocido como "La Vuelta Hundida" | ||
| 260 | |a [San José ], Costa Rica |c 2018 | ||
| 300 | |a xiv, 84,A1. A2, B3, B4, B5 hojas : ilustraciones a color | ||
| 500 | |a Proyecto de graduación (licenciatura en ingeniería civil)--Universidad de Costa Rica. Facultad de Ingeniería. Escuela de Ingeniería Civil | ||
| 501 | |a Ing. Marcia Cordero Sandí. MSc. | ||
| 650 | |x TALUDES (MECANICA DE SUELOS) |x TALUDES (MECANICA DE SUELOS) - PROGRAMAS PARA COMPUTADORA |x DRENAJE |x CARRETERAS - COSTA RICA |x ESTABILIZACION DE SUELOS - SAN IGNACIO (ACOSTA, SAN JOSE, COSTA RICA) |9 13826 | ||
| 942 | |c TFG | ||
| 999 | |c 20748 |d 20748 | ||
